INDIAN HORTICULTURE (Record no. 5464)

MARC details
000 -LEADER
fixed length control field 00299nam a22001337a 4500
005 - DATE AND TIME OF LATEST TRANSACTION
control field 20250526113131.0
008 - FIXED-LENGTH DATA ELEMENTS--GENERAL INFORMATION
fixed length control field 170531b xxu||||| |||| 00| 0 eng d
022 ## - INTERNATIONAL STANDARD SERIAL NUMBER
ISSN 0019-4875
245 ## - TITLE STATEMENT
Title INDIAN HORTICULTURE
260 ## - PUBLICATION, DISTRIBUTION, ETC. (IMPRINT)
Name of publisher ICAR
Year of publication 2017
300 ## - PHYSICAL DESCRIPTION
Number of Pages 40
490 ## - SERIES STATEMENT
Series statement Volume 62
-- Issue 1
942 ## - ADDED ENTRY ELEMENTS (KOHA)
Koha item type Journals/Serial
Holdings
Lost status Damaged status Home library Current library Date acquired Source of acquisition Cost, normal purchase price Accession Number Koha item type Shelving location Collection code Serial Enumeration / chronology
    JRU Library   31/05/2017 Purchase 150.00 IH0001 Journals/Serial      
    JRU Library   31/05/2017 Purchase 150.00 IH0002 Journals/Serial      
    JRU Library   03/08/2017 Purchase 30.00 IH0003 Journals/Serial      
    JRU Library   06/01/2018     IH0004 Journals/Serial      
    JRU Library   27/06/2019 PURCHASE   IH0005 Journals/Serial      
    JRU Library   27/09/2019 PURCHASE   IH0006 Journals/Serial Periodicals Section    
    JRU Library JRU Library 10/05/2023 INDIAN COUNCIL OF AGRICULTURAL RESEARCH NEW DELHI (PURCHASE) 30.00 IH0007 Journals/Serial Periodicals Section    
    JRU Library JRU Library 10/05/2023 INDIAN COUNCIL OF AGRICULTURAL RESEARCH NEW DELHI (PURCHASE) 30.00 IH0008 Journals/Serial Periodicals Section    
    JRU Library JRU Library 26/05/2025 SUBSCRIPTION 30.00 IH0009 Journals/Serial Periodicals Section JOURNALS VOL-70, NO-01 [JANUARY-FEBRUARY - 2025]
    JRU Library JRU Library 26/05/2025 SUBSCRIPTION 30.00 IH0010 Journals/Serial Periodicals Section JOURNALS VOL-70, NO-02 [MARCH-APRIL] 2025
    JRU Library JRU Library 14/08/2025 PURCHASE 30.00 IH0011 Journals/Serial Periodicals Section   VOL-70, NO-03[MAY-JUNE] 2025
    JRU Library JRU Library 29/09/2025 SUBSCRIPTION 30.00 IH0012 Journals/Serial Periodicals Section JOURNALS VOL-70, NO-04 [JULY-AUG]2025
    JRU Library JRU Library 19/01/2026 PURCHASE   IH0013 Journals/Serial Periodicals Section   VOI-70, ISSUE-4 [SEP-OCT-2025]
    JRU Library JRU Library 19/01/2026 PURCHASE   IH0014 Journals/Serial Periodicals Section   VOI-70, ISSUE-4 [NOV-DEC-2025]